| 000 | 00369nam a22001577a 4500 | ||
|---|---|---|---|
| 003 | SGT | ||
| 020 | _a978-93-5152-864-7 | ||
| 082 |
_a614.1 _bR15B |
||
| 100 | _aBISWAS, GAUTAM | ||
| 245 | _aREVIEW OF FORENSIC MEDICINE AND TOXICOLOGY | ||
| 250 | _a3RD | ||
| 260 |
_aNEW DELHI _bTHE HEALTH SCIENCE _c2015 |
||
| 300 | _a657 | ||
| 650 | _aAYURVEDA | ||
| 942 |
_2ddc _cBK _0171 |
||
| 999 |
_c14708 _d14708 |
||